000 00810nas a2200265 4500
001 BR8803379
003 BR-BrBNA
005 20231205091152.0
007 ta
008 230509b bl.|||p| |||| 00| 00por d
040 _aBR-BrBNA
_bpor
_cBiblioteca Nacional de Agricultura
041 _a(Pt)
072 _aL70
100 1 _aNicoletti, J.L. de M.
100 1 _aThomassian, A.
100 1 _aCandolfi, W.
245 1 _aObstrucao esofagica em uma egua. Relato de um caso
246 1 _a[Esophageal obstruction in a mare. A case related]
650 _aEGUA
650 _aCIRURGIA
650 _aESOFAGO
773 0 _tArquivos Fluminenses de Medicina Veterinaria (Brazil)
_xISSN 0102-7794
_g(Jul-Dec 1986), v. 1(2) p. 57-59
_wBR8803379
909 _a202311
_bLúcia
_c55
_dLúcia Elande
942 _2AGRIS
_n0
_cANA
999 _c123295
_d123295